Teksty piosenek - Pati - Statystyki

Ogólne statystyki
  • Ten quiz został rozwiązany 31 razy
  • Średni wynik to 51 z 224
Statystyki odpowiedzi
Odpowiedź % Poprawnych
w
74%
i
67%
nie
59%
56%
A
52%
na
52%
Na
52%
ta
48%
Ta
48%
to
44%
jak
41%
po
41%
tak
41%
ze
33%
On
30%
raz
30%
się
30%
sie
30%
co
26%
jest
26%
No
26%
mną
22%
choć
19%
lubił
19%
Lubiła
19%
melodia
19%
Niech
19%
skończy
19%
świat
19%
Tańcz
19%
tańcz
19%
dzień
15%
gdy
15%
Gdy
15%
gdyby
15%
kręcą
15%
ktoś
15%
mój
15%
parkiet
15%
Porwał
15%
powróci
15%
Pytała
15%
róże
15%
ściany
15%
skórze
15%
śpiewała
15%
swojej
15%
szary
15%
Wiecznie
15%
Bez
11%
cały
11%
gra
11%
jazz
11%
orkiestra
11%
pędzą
11%
Sekundy
11%
Trzeba
11%
cień
7%
dres
7%
górze
7%
jakieś
7%
Lecz
7%
marzeniach
7%
mieć
7%
mieście
7%
Mieszkanie
7%
Mówili
7%
nieduże
7%
pamięć
7%
Potem
7%
Przyjacielem
7%
samej
7%
szedł
7%
telewizji
7%
uczyć
7%
ulic
7%
Uśmiechnięty
7%
windy
7%
wkładała
7%
włóczyć
7%
Zanurzona
7%
Zniknąłby
7%
kredytów
4%
pięć
4%
Wróci
0%
Nie znaleziono quizów pasujących do podanych kryteriów
Rozkład punktacji
Procent ludzi z każdym wynikiem
Percentyl według liczby udzielonych odpowiedzi
Twoja historia wyników
Nie rozwiązałeś tego quizu